Religion of the heart: Anglican evangelicalism and the nineteenth century novel (Record no. 215677)

MARC details
000 -LEADER
fixed length control field 00409nam a2200145Ia 4500
008 - FIXED-LENGTH DATA ELEMENTS--GENERAL INFORMATION
fixed length control field 230917s9999||||xx |||||||||||||| ||und||
040 ## - CATALOGING SOURCE
-- 50706
Original cataloging agency VIVEKANANDA LIBRARY
041 ## - Language
-- English
082 ## - DDC NUMBER
Classification number 823.709 J33R
100 ## - MAIN ENTRY--PERSONAL NAME
Personal name Jay, Elisabeth
245 #0 - TITLE STATEMENT
Title Religion of the heart: Anglican evangelicalism and the nineteenth century novel
260 ## - PUBLICATION, DISTRIBUTION, ETC. (IMPRINT)
Place of publication, distribution, etc Oxford
Name of publisher, distributor, etc Clarendon Press
Date of publication, distribution, etc 1979
300 ## - PHYSICAL DESCRIPTION
Pages x, 297 p.
942 ## - ADDED ENTRY ELEMENTS (KOHA)
Koha item type Books
Holdings
Withdrawn status Lost status Damaged status Not for loan Location (home branch) Sublocation or collection (holding branch) Date acquired Koha issues (times borrowed) Koha full call number Accession No. Koha date last seen Koha item type
        VIVEKANANDA LIBRARY VIVEKANANDA LIBRARY 10/12/2002   823.709 J33R 79706 17/09/2023 Books
© Designed and Maintained by Vivekananda Library, MDU Rohtak